Statistics for Name The Basketball Player #2

Click here to take the quiz!

General Stats

  • This quiz has been taken 386 times
  • The average score is 13 of 28

Answer Stats

First NameLast Name% Correct
ChrisPaul
93%
J.R.Smith
89%
JoshSmith
89%
DeAndreJordan
81%
JaValeMcGee
76%
JimmyButler
74%
TysonChandler
72%
AlHorford
57%
KevinLove
57%
KevinDurant
55%
AlJefferson
54%
KyleKorver
46%
GordanHayward
42%
DeMarreCarroll
39%
JeffGreen
39%
RajaBell
35%
BrianScalabrine
34%
AndreaBargnani
29%
RandyFoye
29%
AndreMiller
28%
NazrMohammed
27%
JeffTeague
27%
DevinHarris
26%
GlenRice
25%
BrendanHaywood
19%
SidneyMoncrief
19%
PaulMillsap
11%
JohnLucas
1%

Score Distribution

Percentile by Number Answered

Percent of People with Each Score

Your Score History

You have not taken this quiz